100 Best Active NBA Players - Statistics

General Stats
  • This quiz has been taken 1,788 times
  • The average score is 37 of 100
Answer Stats
Rank Player Team Position PPG APG RPG % Correct
#1 Stephen Curry Golden State Warriors Point Guard 30.0 6.5 5.4
100%
#3 James Harden Houston Rockets Shooting Guard 28.5 7.5 6.3
97%
#2 Kevin Durant Oklahoma City Thunder Small Forward 28.0 5.0 8.3
97%
#5 LeBron James Cleveland Cavaliers Small Forward 25.1 6.7 7.5
96%
#6 Russell Westbrook Oklahoma City Thunder Point Guard 23.8 10.4 7.7
95%
#7 Damian Lillard Portland Trailblazers Point Guard 25.2 6.9 4.1
91%
#8 Anthony Davis New Orleans Pelicans Power Forward 24.3 1.9 10.3
90%
#9 Paul George Indiana Pacers Small Forward 23.4 4.1 7.1
88%
#13 Klay Thompson Golden State Warriors Shooting Guard 22.4 2.0 3.8
87%
#4 DeMarcus Cousins Sacramento Kings Center 27.0 3.3 11.6
86%
#18 Chris Paul Los Angeles Clippers Point Guard 19.8 9.9 4.2
84%
#16 Kawhi Leonard San Antonio Spurs Small Forward 21.1 2.6 6.8
83%
#12 Carmelo Anthony New York Knicks Small Forward 22.0 4.2 7.8
82%
#10 DeMar DeRozan Toronto Raptors Shooting Guard 23.7 4.0 4.4
82%
#14 Kyle Lowry Toronto Raptors Point Guard 21.5 6.5 4.8
82%
#17 John Wall Washington WIzards Point Guard 19.9 10.4 5.0
80%
#20 Kemba Walker Charolette Hornets Point Guard 21.0 5.2 4.5
77%
#15 Jimmy Butler Chicago Bulls Shooting Guard 21.1 4.6 5.4
76%
#24 Dwayne Wade Miami Heat Shooting Guard 19.2 4.7 4.2
75%
#11 Isaiah Thomas Boston Celtics Point Guard 22.3 6.3 3.0
75%
#19 Brook Lopez Brookln Nets Center 20.6 2.0 7.8
71%
#28 Karl-Anthony Towns Minnesota Timberwolves Center 18.3 1.8 10.3
67%
#25 Dirk Nowitzki Dallas Mavericks Power Forward 18.5 1.8 6.6
66%
#26 Andre Drummond Detroit Pistons Center 16.5 0.8 14.9
64%
#21 CJ McCollum Portland Trailblazers Shooting Guard 20.7 4.3 3.3
64%
#22 Gordon Hayward Utah Jazz Small Forward 19.7 3.7 4.8
59%
#29 LaMarcus Aldridge San Antonio Spurs Power Forward 18.2 1.5 9.7
59%
#23 Andrew Wiggins Minnesota Timberwolves Shooting Guard 20.6 2.0 3.6
58%
#39 Derrick Rose Chicago Bulls Point Guard 16.5 4.7 3.4
58%
#36 Giannis Antetokounmpo Milwaukee Bucks Small Forward 16.8 4.2 7.5
53%
#30 Khris Middleton Milwaukee Bucks Shooting Guard 18.2 4.1 3.8
51%
#42 Kevin Love Cleveland Cavaliers Power Forward 15.9 2.4 9.9
50%
#27 Reggie Jackson Detroit Pistons Point Guard 18.5 6.3 3.2
49%
#32 Paul Millsap Atlanta Hawks Power Forward 17.2 3.3 8.8
48%
#40 Pau Gasol Chicago Bulls Center 16.5 4.2 11.0
44%
#34 Kobe Bryant Los Angeles Lakers Small Forward 16.9 2.9 3.9
43%
#61 Draymond Green Golden State Warriors Power Forward 13.9 7.5 9.6
41%
#64 Dwight Howard Houston Rockets Center 13.8 1.4 13.9
41%
#31 Nikola Vucevic Orlando Magic Center 17.9 2.8 8.9
40%
#38 Jrue Holiday New Orleans Pelicans Point Guard 16.8 6.0 3.0
37%
#66 Zach LaVine Minnesota Timberwolves Point Guard 13.8 3.1 2.8
37%
#48 Al Horford Atlanta Hawks Center 15.2 3.2 7.2
36%
#76 D'Angelo Russell Los Angeles Lakers Point Guard 13.1 3.3 3.5
35%
#47 Mike Conley Memphis Grizzlies Point Guard 15.3 6.1 2.9
35%
#70 DeAndre Jordan Los Angeles Clippers Center 12.8 1.2 13.9
34%
#81 Rajon Rondo Sacramento Kings Point Guard 11.9 11.7 5.0
33%
#67 Deron Williams Dallas Mavericks Point Guard 14.0 5.8 2.9
29%
#44 Jeff Teague Atlanta Hawks Point Guard 15.3 6.0 2.8
29%
#49 Louis Williams Los Angeles Lakers Shooting Guard 15.3 2.5 2.5
29%
#93 Tony Parker San Antonio Spurs Point Guard 11.9 5.3 2.5
28%
#41 JJ Redick Los Angeles Clippers Shooting Guard 16.5 1.4 1.8
27%
#35 Rudy Gay Sacramento Kings Small Forward 17.2 1.7 6.4
26%
#37 Derrick Favors Utah Jazz Power Forward 16.7 1.6 8.2
25%
#96 Julius Randle Los Angeles Lakers Power Forward 11.6 1.7 10.3
25%
#84 Ish Smith Philadelphia 76ers Point Guard 12.4 6.5 3.9
24%
#85 J.R. Smith Cleveland Cavaliers Shooting Guard 12.4 1.7 2.8
24%
#43 Victor Oladipo Orlando Magic Shooting Guard 16.1 4.0 4.8
24%
#60 Hassan Whiteside Miami Heat Center 14.1 0.4 11.8
21%
#62 Kristaps Porzingis New York Knicks Power Forward 14.3 1.3 7.3
21%
#65 Goran Dragic Miami Heat Point Guard 13.8 5.9 3.7
19%
#52 Zach Randolph Memphis Grizzlies Power Forward 15.1 2.0 7.9
19%
#73 Devin Booker Phoenix Suns Shooting Guard 13.7 2.6 2.5
18%
#91 Ricky Rubio Minnesota Timberwolves Point Guard 10.4 8.7 4.3
18%
#51 Thaddeus Young Brooklyn Nets Power Forward 15.1 1.9 9.0
18%
#50 Avery Bradley Boston Celtics Point Guard 15.2 2.1 2.8
17%
#89 Joe Johnson Brooklyn Nets Small Forward 12.0 4.0 3.7
16%
#78 Serge Ibaka Oklahoma City Thunder Power Forward 12.7 0.9 6.8
16%
#90 Gary Harris Denver Nuggets Shooting Guard 12.3 1.9 2.9
15%
#46 Jordan Clarkson Los Angeles Lakers Point Guard 15.5 2.5 4.0
15%
#57 Tobias Harris Orlando Magic Small Forward 14.6 2.3 6.7
15%
#45 Greg Monroe Milwaukee Bucks Center 15.5 2.3 9.0
13%
#69 Jamal Crawford Los Angeles Clippers Shooting Guard 14.0 2.3 1.8
13%
#94 George Hill Indiana Pacers Point Guard 12.0 3.5 4.1
12%
#53 Nicolas Batum Charolette Hornets Shooting Guard 15.2 5.8 6.2
12%
#95 Jeremy Lin Charolette Hornets Point Guard 11.7 3.0 3.2
11%
#87 Luol Deng Miami Heat Small Forward 12.2 1.8 6.0
10%
#74 Marcin Gortat Washington Wizards Center 13.5 1.4 9.9
10%
#33 Ryan Anderson New Orleans Pelicans Power Forward 17.0 1.1 6.0
10%
#58 Jae Crowder Boston Celtics Small Forward 14.5 1.9 5.2
9%
#59 Kentavious Caldwell-Pope Detroit Pistons Shooting Guard 14.6 1.9 3.8
9%
#99 Elfrid Payton Orlando Magic Point Guard 10.7 6.3 3.6
8%
#77 Enes Kanter Oklahoma City Thunder Center 12.5 0.4 7.9
8%
#98 Otto Porter Jr. Washington Wizards Small Forward 11.9 1.7 5.3
8%
#83 Trevor Ariza Houston Rockets Small Forward 12.5 2.3 4.5
8%
#80 Jonas Valanciunas Toronto Raptors Center 12.8 0.7 9.2
7%
#63 Marcus Morris Detroit Pistons Power Forward 14.4 2.5 5.0
7%
#68 Monta Ellis Indiana Pacers Shooting Guard 14.0 4.7 3.4
7%
#54 Rodney Hood Utah Jazz Shooting Guard 14.7 2.7 3.3
7%
#75 Darren Collison Sacramaneto Kings Point Guard 13.7 4.2 2.3
6%
#100 Evan Turner Boston Celtics Shooting Guard 10.5 4.4 4.9
6%
#82 Kenneth Faried Denver Nuggets Power Forward 12.5 1.2 8.7
6%
#56 Will Barton Denver Nuggets Small Forward 14.6 2.5 5.9
6%
#97 Nerlens Noel Philadelphia 76ers Power Forward 11.0 1.8 8.0
5%
#72 Chandler Parsons Dallas Mavericks Small Forward 13.7 2.8 4.7
4%
#92 Robert Covington Philadelphia 76ers Small Forward 12.0 1.4 6.2
4%
#86 Wesley Matthews Dallas Mavericks Shooting Guard 12.5 1.9 3.1
4%
#79 Aaron Afflalo New York Knicks Shooting Guard 13.1 2.0 3.8
3%
#88 Emmanuel Mudiay Denver Nuggets Point Guard 12.4 5.5 3.4
2%
#55 Evan Fouriner Orlando Magic Shooting Guard 15.0 2.6 2.8
0%
#71 Jabari Parker Milwaukee Bucks Power Forward 13.9 1.7 5.2
0%
No matching quizzes found
Score Distribution
Percent of People with Each Score
Percentile by Number Answered
Your Score History
You have not taken this quiz